Supermarchés principaux en Suisse - Statistiques

Statistiques générales
  • Ce quiz a été pris 161 fois
  • Le résultat moyen est 6 sur 10
Statistiques - réponses
Nombre en Suisse Nom % Correct
960 Coop
94%
130 Lidl
93%
664 Migros
93%
235 Aldi
92%
220 Denner
75%
27 Manor Food
50%
272 Landi
28%
14 Aligro
21%
15 Globus
18%
140 Otto's
15%
Aucun quiz correspondant
Distribution des résultats
% des personnes avec chaque résultat
Percentile par nombre de réponses
Votre historique - résultats
Vous n’avez pas pris ce quiz